000 00458nam a2200181Ia 4500
001 25414
005 20260414151148.0
008 260414t2014||||xx |||||||||||||| ||spa||
041 _aESP
082 _a346.5
_bO83 2014 V. 4
100 _aOsterling Parodi, Felipe
_eAUT
245 0 _aTratado de derecho de las obligaciones
_b
260 _c2014
300 _apáginas 1468-2004 :
_c25 cm.
650 _aDER
654 _aCDE
942 _cLIB
_dJUS
_fJUS
_2ddc
_n
999 _c25414
_d25414